Technické riešenie kamerového systému pre 3D video konferenčný prenos

Uložené v:
Podrobná bibliografia
Hlavný autor: Mihálik, Matej (Autor)
Ďalší autori: Rozinaj, Gregor (Vedúci práce)
Médium: Rukopis Kniha
Jazyk:Slovak
Vydavateľské údaje: Bratislava : STU v Bratislave FEI, 2021
Predmet:
On-line prístup:https://opac.crzp.sk/?fn=detailBiblioForm&sid=CF9E62B1F4156FE3B4220C84D7C8&seo=CRZP-detail-kniha
Tagy: Pridať tag
Žiadne tagy, Buďte prvý, kto otaguje tento záznam!

MARC

LEADER 00000ntm a22000003a 4500
001 stuzp77716
003 SK-STU
005 20210924095922.0
007 ta
008 150427s2015----xo-----f-mn---000-0-slo-d
040 |a STU  |b slo 
041 0 |a slo 
044 |a xo 
100 1 |a Mihálik, Matej  |u 037000  |4 aut  |U FEI Fakulta elektrotechniky a informatiky  |T FEI Ústav multimediálnych informačných a komunikačných technológií  |X 85704  |U E070  |Y 818  |7 85704 
242 0 1 |a Hardware solution of camera system for 3D spherical video conference transmission  |y eng 
245 1 0 |a Technické riešenie kamerového systému pre 3D video konferenčný prenos 
260 |a Bratislava :  |b STU v Bratislave FEI,  |c 2021 
300 |a 52 s., príl. 
650 4 |a 3DV  |2 slo 
650 4 |a spájanie obrazu  |2 slo 
650 4 |a hĺbkové mapy  |2 slo 
650 4 |a kódovanie videa  |2 slo 
650 4 |a 3D modely  |2 slo 
650 4 |a 3DV  |2 eng 
650 4 |a image synthesis  |2 eng 
650 4 |a depth maps  |2 eng 
650 4 |a video coding  |2 eng 
650 4 |a 3D models  |2 eng 
700 1 |a Rozinaj, Gregor  |u 037000  |k Z1  |4 ths  |U FEI Fakulta elektrotechniky a informatiky  |T FEI Ústav multimediálnych informačných a komunikačných technológií  |X 1945  |U E070  |Y 818  |7 A000001945 
856 4 |u https://opac.crzp.sk/?fn=detailBiblioForm&sid=CF9E62B1F4156FE3B4220C84D7C8&seo=CRZP-detail-kniha